Praxis und Diskurs der Romantik 1800-1900
| Titel: | Praxis und Diskurs der Romantik 1800-1900 / Norman Kasper, Jochen Strobel (Hg.) |
|---|---|
| Beteiligt: | ; |
| Veröffentlicht: | Paderborn : Ferdinand Schöningh, [2016] |
| Umfang: | 263 Seiten : Illustrationen, Notenbeispiele ; 24 cm |
| Format: | Buch |
| Sprache: | Deutsch |
| ISBN: | 9783506784278 ; 3506784277 |
| Hinweise zum Inhalt: |
Inhaltstext
Inhaltsverzeichnis |
alg: 38651254 001A $06000:01-09-16 001B $01999:13-12-25 $t10:27:40.000 001D $00034:09-09-16 001U $0utf8 001X $00 002@ $0Aau 002C $aText $btxt $2rdacontent 002D $aohne Hilfsmittel zu benutzen $bn $2rdamedia 002E $aBand $bnc $2rdacarrier 003@ $038651254X 003O $0957458291 $aOCoLC 004A $A978-3-506-78427-8 $fBroschur : circa EUR 30.80 (AT), circa sfr 36.80 (freier Preis), circa EUR 29.90 (DE) 004A $03-506-78427-7 004K $09783506784278 006C $0950026579 006G $01100070664 006H $0TOCNEUA1635 $2DNB 006T $016,N20 006U $016,A39 $f20160511 007A $01100070664 $aDNB 007I $0MartMz:118912 009P $qtext/html $A2 $3Inhaltstext $uhttps://deposit.dnb.de/cgi-bin/dokserv?id=6d1b26c6eb41432d82b396cab044caa3&prov=M&dok_var=1&dok_ext=htm $mX:MVB 009P $qapplication/pdf $A2 $3Inhaltsverzeichnis $uhttps://d-nb.info/1100070664/04 $mB:DE-101 010@ $ager 010E $erda 011@ $a2016 $n[2016] 017A $asf 021A $aPraxis und Diskurs der Romantik 1800-1900 $hNorman Kasper, Jochen Strobel (Hg.) 028C $BHerausgeber $4edt $7133884945 $8Kasper, Norman$Z1979- [Tp1] $9194659941 028C $BHerausgeber $#Strobel, J. $4edt $7115445587 $8Strobel, Jochen$Z1966- [Tp3] $9149650426 033A $pPaderborn $02178840-6 $nFerdinand Schöningh 034D $a263 Seiten 034I $a24 cm 034M $aIllustrationen, Notenbeispiele 039U $aRezensiert in $8--Aou--Löwe, Matthias$Z1981- [Tp3]. Praxis und Diskurs der Romantik 1800-1900, 2017 $9426739639 044K $qDNB $RBiedermeier $#Romanticism $#Romantisme $#Romanticismo $#Romantik $#Frühromantik $#Spätromantik $74050491-8 $8Romantik [Ts1] $9085140775 044K $qDNB $RBuch $RSchriftsteller $#Literature $#Littérature $#Letteratura $#Literatura $#literature $#Literature $#Literatur $#Literatur $#Belletristik $#Dichtung Literatur $#Schöne Literatur $#Sprachkunst $#Wortkunst $74035964-5 $8Literatur [Tsz] $9085097128 044K $qDNB $RKünste $RKunstwerk $#Art $#Art $#Arte $#Arte $#arts $#Art $#Bildende Kunst $#Kunst $#Bildende Kunst $#Kunstdenkmal Kunst $74114333-4 $8Kunst [Tsz] $9085341703 045E $c800 $c700 045R $aGeschichte 1790-1900 045V $814.04.00$jStudien [Tkx] $9118845381 lok: 38651254 3 exp: 38651254 3 1 #EPN 201B/01 $028-02-19 $t23:18:11.000 201C/01 $028-02-19 203@/01 $01046855360 208@/01 $a28-02-19 $bdo 201U/01 $0utf8 lok: 38651254 23 exp: 38651254 23 1 #EPN 201B/01 $012-09-16 $t10:16:06.000 201C/01 $002-09-16 201U/01 $0utf8 203@/01 $0781633273 208@/01 $a12-09-16 $bz 209A/01 $a25 Ger KA 4018 $du $f022 $hGER KA 4018 $x00 209G/01 $a27647650 $x00 247C/01 $8352022-5 <34/22>Kassel, UB Kassel, Standort Holländischer Platz $9102599432 lok: 38651254 25 exp: 38651254 25 1 #EPN 201B/01 $010-01-23 $t18:49:39.000 201C/01 $018-10-16 201U/01 $0utf8 203@/01 $0785263624 208@/01 $a28-11-16 $bzic 209A/01 $aN 46.5 - P 93 $dd $f070 $x00 209C/01 $a16/832-1 Germanistik 209G/01 $a77267511 $x00 209G/01 $aGermanistik $x01 247C/01 $8651070-x <77/070>Mainz, Universität Mainz, Bereichsbibliothek Philosophicum, Standorte Germanistik I / Kulturanthropologie und Germanistik II $9102600198 lok: 38651254 62 exp: 38651254 62 1 #EPN 201B/01 $002-11-16 $t22:15:39.000 203@/01 $0786211970 208@/01 $a02-11-16 $be 209A/01 $a/ $f000 $x00 209B/01 $a2016 $x05 247C/01 $8Frankfurt, Bibliographie der Deutschen Sprach- und Literaturwissenschaft $9113214561 201U/01 $0utf8 lok: 38651254 78 exp: 38651254 78 1 #EPN 201B/01 $027-02-19 $t22:09:30.000 201C/01 $027-02-19 203@/01 $01046603736 208@/01 $a27-02-19 $bdo 201U/01 $0utf8 lok: 38651254 107 101B $023-10-18 $t17:57:48.000 101C $009-09-18 101U $0utf8 144Z/01 $aRomantik 144Z/02 $aLiteratur 144Z/03 $aKunst 144Z/04 $aGeschichte 1790 - 1900 exp: 38651254 107 1 #EPN 201B/01 $009-09-18 $t00:38:46.000 201C/01 $009-09-18 201U/01 $0utf8 203@/01 $01029483701 208@/01 $a28-08-18 $br 209A/01 $a43/3018 $du $f000 $x00 209C/01 $aK 2017.80 209G/01 $aMZ2-092509 $x00 209G/01 $aMagazin $x01 247C/01 $8658008-7Mainz, Martinus-Bibliothek $9428012507 lok: 38651254 205 exp: 38651254 205 1 #EPN 201B/01 $016-07-18 $t15:50:32.000 201C/01 $005-07-18 201U/01 $0utf8 203@/01 $01024193152 208@/01 $a05-07-18 $bz 209A/01 $a001 GK 2551 K19 $db $f000 $x00 209C/01 $a1 2018/07427 209C/01 $anel1807lh 209G/01 $a56471685 $x00 209G/01 $aFreihandbereich $x01 247C/01 $8351000-1 <4>Marburg, Universität Marburg, Universitätsbibliothek $9102594767
| LEADER | 00000cam a2200000 c 4500 | ||
|---|---|---|---|
| 001 | 38651254X | ||
| 003 | DE-603 | ||
| 005 | 20251213102740.0 | ||
| 007 | tu | ||
| 008 | 160901s2016 xx |||| | u00||u|ger | ||
| 015 | |a 16,A39 |z 16,N20 |2 dnb | ||
| 016 | 7 | |2 DE-101 |a 1100070664 | |
| 020 | |a 9783506784278 |c Broschur : circa EUR 30.80 (AT), circa sfr 36.80 (freier Preis), circa EUR 29.90 (DE) | ||
| 020 | |a 3506784277 | ||
| 024 | 3 | |a 9783506784278 | |
| 035 | |a (DE-599)DNB1100070664 | ||
| 035 | |a (OCoLC)957458291 | ||
| 040 | |a DE-603 |b ger |c DE-603 |d DE-603 |e rda | ||
| 041 | |a ger | ||
| 084 | |a 800 |a 700 |q DE-101 |2 sdnb | ||
| 090 | |a b | ||
| 245 | 0 | 0 | |a Praxis und Diskurs der Romantik 1800-1900 |c Norman Kasper, Jochen Strobel (Hg.) |
| 264 | 1 | |a Paderborn |b Ferdinand Schöningh |c [2016] | |
| 300 | |a 263 Seiten |b Illustrationen, Notenbeispiele |c 24 cm | ||
| 336 | |a Text |b txt |2 rdacontent | ||
| 337 | |a ohne Hilfsmittel zu benutzen |b n |2 rdamedia | ||
| 338 | |a Band |b nc |2 rdacarrier | ||
| 648 | 7 | |a Geschichte 1790-1900 |2 gnd | |
| 650 | 7 | |a Romantik |0 (DE-588)4050491-8 |0 (DE-603)085140775 |2 gnd | |
| 650 | 7 | |a Literatur |0 (DE-588)4035964-5 |0 (DE-603)085097128 |2 gnd | |
| 650 | 7 | |a Kunst |0 (DE-588)4114333-4 |0 (DE-603)085341703 |2 gnd | |
| 700 | 1 | |a Kasper, Norman |d 1979- |e Herausgeber |4 edt |0 (DE-603)194659941 |0 (DE-588)133884945 |2 gnd | |
| 700 | 1 | |a Strobel, Jochen |d 1966- |e Herausgeber |4 edt |0 (DE-603)149650426 |0 (DE-588)115445587 |2 gnd | |
| 787 | 0 | 8 | |i Rezensiert in |a Löwe, Matthias, 1981- |t Praxis und Diskurs der Romantik 1800-1900 |w (DE-603)426739639 |
| 856 | 4 | 2 | |m X:MVB |q text/html |u https://deposit.dnb.de/cgi-bin/dokserv?id=6d1b26c6eb41432d82b396cab044caa3&prov=M&dok_var=1&dok_ext=htm |3 Inhaltstext |
| 856 | 4 | 2 | |m B:DE-101 |q application/pdf |u https://d-nb.info/1100070664/04 |3 Inhaltsverzeichnis |
| 924 | 0 | |9 603 |a (DE-603)1046855360 |b DE-603 |c HES |d d | |
| 924 | 0 | |9 34/22 |a (DE-603)781633273 |b DE-34-22 |c HES |d c |g 25 Ger KA 4018 | |
| 924 | 0 | |9 77/070 |a (DE-603)785263624 |b DE-77-070 |c HES |d d |g N 46.5 - P 93 | |
| 924 | 0 | |9 603 |a (DE-603)786211970 |b DE-603 |c HES |d d | |
| 924 | 0 | |9 603 |a (DE-603)1046603736 |b DE-603 |c HES |d d | |
| 924 | 0 | |9 Mz 2 |a (DE-603)1029483701 |b DE-Mz2 |c HES |d d |g 43/3018 | |
| 924 | 0 | |9 4 |a (DE-603)1024193152 |b DE-4 |c HES |d c |g 001 GK 2551 K19 |h Freihandbereich | |


